The Pontian Ictitheres from the Elmadağ District.

Saved in:
Bibliographic Details
Main Author: Şenyürek, Muzaffer Süleyman, 1915-
Format: Book
Language:English
Published: Ankara, Türk Tarih Kurumu Basimevi, 1960.
Series:Publications of the Faculty of Languages, History, and Geography, University of Ankara. Anatolia V ; suppl. 1.
Subjects:
Tags: Add Tag
No Tags, Be the first to tag this record!
LEADER 00904nam a2200205K 4500
001 005386357-7
005 20050520145151.0
008 850528s1960 tu af 000 0 eng d
035 0 |a ocm12086992 
040 |a SMI  |c SMI  |d HMZ 
100 1 |a Şenyürek, Muzaffer Süleyman,  |d 1915- 
245 0 4 |a The Pontian Ictitheres from the Elmadağ District. 
260 |a Ankara,  |b Türk Tarih Kurumu Basimevi,  |c 1960. 
300 |a iv, 223 p.  |b illus., 14 plates.  |c 24 cm. 
490 1 |a Publications of the Faculty of Languages, History, and Geography, University of Ankara. Anatolia V ;  |v suppl. 1 
500 |a At head of title: Publications of the Faculty of Languages, History and Geography, University of Ankara. Anatolia V. Supplement 1. 
650 0 |a Hyaenidae. 
830 0 |a Publications of the Faculty of Languages, History, and Geography, University of Ankara.  |p Anatolia V ;  |v suppl. 1. 
988 |a 20020608 
906 |0 OCLC